[Event "Llinars del Valles op-B 12th"]
[Site "Llinars del Valles"]
[Date "2018.05.19"]
[Round "5.3"]
[White "Sierra Macias, Adan"]
[Black "Salinas Tomas, Daniel"]
[Result "0-1"]
[WhiteElo "1488"]
[BlackElo "1524"]
[PlyCount "60"]
[EventDate "2018.04.14"]
[EventType "swiss"]
[EventRounds "8"]
[EventCountry "ESP"]
[SourceTitle "CBM 184 Extra"]
[Source "ChessBase"]
[SourceDate "2018.06.28"]
[SourceVersion "1"]
[SourceVersionDate "2018.06.28"]
[SourceQuality "1"]

1. d4 Nf6 2. c4 g6 3. Nc3 Bg7 4. e4 d6 5. f3 0-0 6. Be3 e5 7. d5 a5 8. Nge2 c6 9. Qd2 cxd5 10. cxd5 Bd7 11. Bh6 b5 12. Bxg7 Kxg7 13. b3 Na6 14. g4 b4 15. Nd1 Nc5 16. Ng3 a4 17. Qb2 axb3 18. axb3 Rxa1 19. Qxa1 Nxb3 20. Qb2 Nd4 21. Kf2 Qb6 22. Ne3 Rc8 23. h4 Nc2 24. Qb3 Rc3 25. Qa2 Qxe3+ 26. Kg2 Ne1+ 27. Kh3 Bxg4+ 28. Kh2 Nxf3+ 29. Kg2 Ne1+ 30. Kh2 Qxg3# 0-1

[Event "Llinars del Valles op 11th B"]
[Site "Llinars del Valles"]
[Date "2017.05.13"]
[Round "4.3"]
[White "Alcala Gonzalez, Cesar"]
[Black "Sierra Macias, Adan"]
[Result "1-0"]
[WhiteElo "1617"]
[BlackElo "1421"]
[PlyCount "74"]
[EventDate "2017.04.22"]
[EventType "swiss"]
[EventRounds "9"]
[EventCountry "ESP"]
[SourceTitle "EXT 2024"]
[Source "ChessBase"]
[SourceDate "2023.10.10"]
[SourceVersion "1"]
[SourceVersionDate "2023.10.10"]
[SourceQuality "1"]

1. d4 Nf6 2. c4 e6 3. Nc3 Bb4 4. Bd2 0-0 5. Qc2 Be7 6. e4 d6 7. Nf3 Nbd7 8. Be2 b6 9. e5 dxe5 10. dxe5 Ng4 11. Qe4 f5 12. exf6 Ndxf6 13. Qxa8 Bc5 14. Nd1 Qd7 15. Qxa7 Ne4 16. Be3 Nxe3 17. fxe3 Bb4+ 18. Kf1 Qd2 19. Nf2 Qxb2 20. Rd1 Nc3 21. Re1 e5 22. Nd3 Qd2 23. Nxb4 e4 24. Nd5 exf3 25. Bxf3 Bh3 26. Nf4 Bd7 27. Qxc7 g5 28. Nd5 Nxd5 29. cxd5 Bh3 30. Qg3 g4 31. Kg1 Kh8 32. Be2 Qxd5 33. Rd1 Qxa2 34. Qe5+ Kg8 35. Qd5+ Qxd5 36. Rxd5 Kh8 37. gxh3 gxh3 1-0

[Event "Roncana op-B 8th"]
[Site "Santa Eulalia de Roncana"]
[Date "2014.11.08"]
[Round "4"]
[White "Sierra Macias, Adan"]
[Black "Barcons Gallach, Alfonso"]
[Result "1-0"]
[WhiteElo "1786"]
[BlackElo "1700"]
[PlyCount "81"]
[EventDate "2014.10.11"]
[EventType "swiss"]
[EventRounds "8"]
[EventCountry "ESP"]
[SourceTitle "EXT 2016"]
[Source "ChessBase"]
[SourceDate "2015.10.08"]
[SourceVersion "1"]
[SourceVersionDate "2015.10.08"]
[SourceQuality "1"]

1. Nf3 d5 2. c4 Nf6 3. cxd5 Nxd5 4. e4 Nb6 5. d4 e6 6. Be3 c6 7. Nc3 N8d7 8. Bd3 c5 9. Bc2 Nc4 10. Qe2 Nxe3 11. Qxe3 cxd4 12. Qxd4 Qb6 13. Na4 Bb4+ 14. Nc3 0-0 15. 0-0 Bc5 16. Qd3 Qc7 17. e5 g6 18. Nb5 Qb8 19. Qc3 a6 20. Nbd4 Nxe5 21. Qxc5 Nxf3+ 22. Nxf3 Bd7 23. Rac1 Rc8 24. Qd4 Rd8 25. Qe4 Bc6 26. Qe3 Qc7 27. Be4 Rd6 28. Qf4 Qd7 29. Ne5 Qe7 30. Bxc6 bxc6 31. Nxc6 Qd7 32. Qf3 Rf8 33. Rfd1 Rxd1+ 34. Rxd1 Qc7 35. Qc3 h5 36. Qc5 Kh7 37. Qxf8 Qxc6 38. Qxf7+ Kh6 39. Qf4+ g5 40. Rd6 Qc1+ 41. Qxc1 1-0

[Event "Llinars del Valles op-B 8th"]
[Site "Llinars del Valles"]
[Date "2014.05.17"]
[Round "4"]
[White "Sierra Macias, Adan"]
[Black "Salinas Duffo, Gaspar"]
[Result "1-0"]
[WhiteElo "1761"]
[BlackElo "1700"]
[PlyCount "127"]
[EventDate "2014.04.26"]
[EventType "swiss"]
[EventRounds "8"]
[EventCountry "ESP"]
[SourceTitle "EXT 2015"]
[Source "ChessBase"]
[SourceDate "2014.11.20"]
[SourceVersion "1"]
[SourceVersionDate "2014.11.20"]
[SourceQuality "1"]

1. Nf3 Nf6 2. c4 g6 3. d4 d5 4. cxd5 Qxd5 5. Nc3 Qa5 6. Bg5 Bg7 7. Qd2 Bf5 8. e3 Ne4 9. Nxe4 Qxd2+ 10. Nexd2 Nc6 11. Bb5 e6 12. Rc1 0-0 13. Bxc6 bxc6 14. Rxc6 Rfc8 15. Rc1 Rab8 16. b3 Rb5 17. h3 e5 18. dxe5 Bxe5 19. Nxe5 Rxe5 20. 0-0 Bd3 21. Bf4 Ra5 22. Rfe1 Rxa2 23. Nf3 c6 24. Ra1 Rxa1 25. Rxa1 a6 26. Nd4 c5 27. Rc1 a5 28. Bd6 c4 29. bxc4 a4 30. Rc3 Bb1 31. Nb5 Bf5 32. c5 Bd7 33. Na3 Bc6 34. Rc4 Re8 35. Rb4 f5 36. Rb6 Rc8 37. Rb8 Rxb8 38. Bxb8 Kf7 39. Bd6 Ke6 40. Kf1 h5 41. Ke2 Kd5 42. Kd3 g5 43. f3 h4 44. e4+ fxe4+ 45. fxe4+ Ke6 46. Ke3 Kd7 47. Kf3 Ke6 48. Kg4 Bxe4 49. Kxg5 Bxg2 50. Kxh4 Kd7 51. Kg4 Bf1 52. h4 Be2+ 53. Kg5 Ke6 54. h5 Bxh5 55. Kxh5 Kd7 56. Kg4 Kc6 57. Kf4 Kd5 58. Ke3 Kc6 59. Kd2 Kd5 60. Kd3 Kc6 61. Kc4 Kd7 62. Kb5 Kc8 63. Kb6 Kd7 64. Kb7 1-0

[Event "Llinars del Valles op-B 8th"]
[Site "Llinars del Valles"]
[Date "2014.05.10"]
[Round "3"]
[White "Martinez Perez, Sergio"]
[Black "Sierra Macias, Adan"]
[Result "1-0"]
[WhiteElo "1882"]
[BlackElo "1761"]
[PlyCount "29"]
[EventDate "2014.04.26"]
[EventType "swiss"]
[EventRounds "8"]
[EventCountry "ESP"]
[SourceTitle "EXT 2015"]
[Source "ChessBase"]
[SourceDate "2014.11.20"]
[SourceVersion "1"]
[SourceVersionDate "2014.11.20"]
[SourceQuality "1"]

1. e4 e5 2. Nf3 Nc6 3. d4 exd4 4. Bc4 h6 5. 0-0 Bc5 6. Re1 Nge7 7. c3 dxc3 8. Nxc3 0-0 9. Bf4 d6 10. Nh4 g5 11. Qh5 Qd7 12. Ng6 gxf4 13. Nxf8 Qg4 14. Qxf7+ Kh8 15. Qh7# 1-0